01357nam a2200397 i 450000100060000000300080000600500170001400600190003100700150005000800410006502000180010602000270012403500230015103500240017403500250019803500220022304000310024505000220027608000140029808200120031210000230032424500670034726400420041430000410045633600310049733700330052833800430056150400290060458801230063365000300075665000220078665000330080865000290084165500270087085600620089737297FlNmELB20241216221504.0m o d | cr cnu||||||||180516s2017 ag ob 000 0 spa d z9789875918535 a9789877600216 (e-book) a(MiAaPQ)EBC5307849 a(Au-PeEL)EBL5307849 a(CaPaEBR)ebr11516668 a(OCoLC)1105529839 aFINmELBbspaerdacFINmELB 4aBF713bF1119 2017 a159.922.70 a1552231 aFaas, Ana Eugenia.10aPsicología del desarrollo de la niñez /cAna Eugenia Faas. 1aCórdoba :bEditorial Brujas,c2017. a1 recurso en línea (377 páginas) atextobtxt2rdacontent/spa acomputadorabc2rdamedia/spa arecurso en líneabcr2rdacarrier/spa aContiene bibliografía. aDescripción basada en recurso en línea; Título de la página del título en PDF (e-libro, visto May 16, 2018). 0aDevelopmental psychology. 0aChild psychology. 4aPsicología del desarrollo. 4aPsicología del niño. 4aLibros electrónicos.40uhttps://elibro.net/ereader/politecnicointernacional/78809